Reglamento para el régimen y gobierno de la Sociedad Especial Minera San Vicente Ferrer : formado por los presidentes de las dos secciones formado por los presidentes de las dos secciones
Descripción Física:
16 p. ; 21 cm
MARC
| LEADER | 00000nam a2200000Ia 4500 | ||
|---|---|---|---|
| 001 | 18497 | ||
| 008 | 160829s1879 xx 000 0 cat d | ||
| 080 | |a RF-3-20 | ||
| 245 | |a Reglamento para el régimen y gobierno de la Sociedad Especial Minera San Vicente Ferrer : |b formado por los presidentes de las dos secciones | ||
| 260 | |a Granada : |b Imprenta de Ventura Sabatel, |c 1879 | ||
| 300 | |a 16 p. ; |c 21 cm | ||
| 590 | |a Prové de J-3981, exp. 2 | ||
| 650 | |a Sociedad Especial Minera San Vicente Ferrer (Granada) |9 47249 | ||
| 856 | 4 | |u https://media.diba.cat/diba/fitxers/arxiu/fulletons/bib_18497_1879_baixa.pdf |y Accés lliure | |
| 856 | 4 | |u https://media.diba.cat/diba/fitxers/arxiu/fulletons/bib_18497_1879_baixa.pdf |y Accés lliure | |
| 901 | |a Arxiu | ||
| 942 | |n 1 |2 udc | ||
| 952 | |0 0 |1 0 |4 0 |6 RF320 |7 1 |9 53774 |a Arxiu |b Arxiu |d 2016-12-01 |l 0 |o RF-3-20 |p 18497 |r 2016-12-01 00:00:00 |w 2016-12-01 |y ARXIU | ||
| 999 | |c 57640 |d 57640 | ||
| 900 | |a bib_18497_1879_baixa.pdf | ||